Normal view
MARC view
- العلوم الاجتماعية -- القانون التجاري -- الافلاس
Entry Topical Term
001 - CONTROL NUMBER
- control field: 46571
003 - CONTROL NUMBER IDENTIFIER
- control field: JO-AjAnu
005 - DATE AND TIME OF LATEST TRANSACTION
- control field: 20230606081709.0
008 - FIXED-LENGTH DATA ELEMENTS
- fixed length control field: 230606|| aca||aabn | a|a d
040 ## - CATALOGING SOURCE
- Original cataloging agency: JO-AjAnu
- Transcribing agency: JO-AjAnu
150 ## - HEADING--TOPICAL TERM
- Topical term or geographic name entry element: العلوم الاجتماعية -- القانون التجاري -- الافلاس
670 ## - SOURCE DATA FOUND
- Source citation: Work cat.: (JO-AjAnu)23838: العكيلي ، عزيز , author 46570, أحكام الإفلاس والصلح الواقي " دراسة مقارنة "